000 00529nam a2200193Ia 4500
005 20250326144357.0
008 250326s9999 xx 000 0 und d
020 _a978-81-7831-173-9
037 _aTextbook
040 _aFMSL
_beng
_cFMSL
041 _aeng
_2eng
084 _aX:8D(G:55) P8
_qFMSL
100 _aKundu A
245 0 _aEnvironmental accounting
_cKundu A; Hauff M V
260 _aNew Delhi
_bNew Delhi, Manak
_c2008
365 _b900
942 _cTB
_hX:8D(G:55) P8
999 _c1303488
_d1303488